| 000 | 00384nam a2200145Ia 4500 | ||
|---|---|---|---|
| 005 | 20250729165756.0 | ||
| 008 | 250729s2017 xx 000 0 und d | ||
| 041 | _akan | ||
| 082 | _a372.25 MAHL | ||
| 100 |
_aMahabhaleshwara Rao _9232719 |
||
| 245 | _aLingathva Mattu Shala Shikshana | ||
| 260 |
_aMysore _bVismaya Prakashana _c2017 |
||
| 300 | _a232p | ||
| 650 |
_aPsychology _9232720 |
||
| 999 |
_c239923 _d239923 |
||